000 00576nam a2200193Ia 4500
008 101110s9999 xx 000 0 und d
041 _aENGLISH
082 _bSR14719
100 _aBrown Stanley, Chief Editors
245 _aThe realm of science Vol.20 Directions and Dimensions
365 _b57.15
520 _aBiology/Zoology
546 _aENGLISH
630 _aThe realm of science Vol.20 Directions and Dimensions
650 _aBiology/Zoology
655 _aBiology/Zoology
730 _aThe realm of science Vol.20 Directions and Dimensions
942 _cBOOK
999 _c808732
_d808729